Responses for Show #4142 - Tuesday, September 10, 2002

Contestants

[<< previous game]

Ann Burger, a food editor from Charleston, South Carolina

George Schroeder, a packaging consultant from Appleton, Wisconsin

Mike Vethacke, a financial analyst from Grosse Pointe, Michigan (whose 1-day cash winnings total $29,000)

[next game >>]

Jeopardy! Round responses

INAUGURAL ADDRESSES
ROCKIN' STUPID ANSWERS
ALSO AN AUTO
A TRIP TO MARS
YES SIR, THAT'S MY BAY
(Alex: We'll give you the river, you identify the bay.)
"B"
    $200 17
George Washington

George
    $200 24
(Alex: Less than a minute now, George; stick with it!)

The Band

Triple Stumper
    $200 1
Star Trek: Voyager

George
    $200 16
Iron

Ann
    $200 11
Chesapeake Bay

George
    $200 4
Boise

George
    $400 18
(George: Who is George Bush?)
(Alex: Which one?)
(George: George Herbert Walker Bush.)
(Alex: No.)
(Mike: Who is George Bush, Jr.?)

George W. Bush

MikeGeorgeAnn
    $400 25
"The White Album"

Ann
    $400 2
Monte Carlo

Mike
    $400 22
(George: What are The Martian Chronicles?)

Stranger in a Strange Land

George
Triple Stumper
    $400 12
Bay of Bengal

George
    $400 5
"Broadway Joe" Namath

Ann
    $600 19
(George: Who is Andrew Johnson?)

Ulysses S. Grant

GeorgeAnn
    $600 26
(George: Who is [*]?)
(Alex: Or "What is [*]?")

The Who

George
    $600 3
Taurus

Ann
    $600 23
Total Recall

Triple Stumper
    $600 13
Bay of Biscay

George
    $1,000 6
BID

Ann
    $800 20
John Quincy Adams

Mike
    $800 27
Wang Chung

Mike
    $800 9
Cherokee

Mike
    $800 14
(George: What is Houston Bay?)

Galveston Bay

GeorgeAnn
    $800 7
Byzantium

Mike
    $1000 21
(Ann: What is the Louisiana Territory?)

Oregon Territory

GeorgeAnn
    $1000 28
(George: What is Kiss?)
(Ann: What is Certified Platinum?)
(Mike: What is Kiss Alive?)
...
[The end-of-round signal sounds.]

Double Platinum

MikeGeorgeAnn
Triple Stumper
    $1000 10
(Mike: What is Mercury?)

Saturn

MikeGeorge
    $1000 15
Botany Bay

George
    $1000 8
Bells

Mike

Scores at the first commercial break (after clue 15):

Mike George Ann
$2,000 $2,800 $2,800

Scores at the end of the Jeopardy! Round:

Mike George Ann
$2,200 $2,200 $2,400

Double Jeopardy! Round responses

CHINESE DYNASTIES
(Alex: Very popular here on Jeopardy!...)
NICKNAMES
PLACES IN THE NEWS
SIX CHARACTERS IN SEARCH OF AN AUTHOR
(Alex: We want you to name the author who created each character.)
BEASTLY MOVIES
UP WORDS
    $400 21
Great Wall of China

Mike
    $400 3
Harry Houdini

Mike
    $400 1
(George: What is Iran?)
(Ann: What is Iraq?)

India

MikeGeorgeAnn
    $400 8
J.R.R. Tolkien

Mike
    $400 22
(Alex: Minute to go.)

Crocodile Dundee

Mike
    $400 13
High priest

Triple Stumper
    $800 27
(Alex: They wrote poetry, just the way I read it!)

Poems

Triple Stumper
    $800 4
"Machine Gun" Kelly

Mike
    $800 2
Rio de Janeiro

Triple Stumper
    $800 9
(Mike: What is Around the World in 80?)
(Ann: Who is Melville?)

Jules Verne

MikeAnn
Triple Stumper
    $800 26
(Ann: What is 101 Dalmatians?)

Reservoir Dogs

Ann
Triple Stumper
    $800 14
Elevator music

Ann
    $1200 28
[The end-of-round signal sounds.]

a calendar

Mike
    $1200 5
Napoleon

George
    $1,400 18
The Hague

George
    $1200 10
Mark Twain

Ann
    $1200 25
The Lion in Winter

Triple Stumper
    $1200 15
Loft

George
    $1600 6
"Fats"

Mike
    $1600 19
Venezuela

Triple Stumper
    $1600 11
Joseph Heller

George
    $1600 23
Cat Ballou

Mike
    $1600 16
(Ann: What is the tops?)

the top

GeorgeAnn
    $2000 7
(Alex: You beat Mike to that; he's from Michigan!)

Dick Lane

Ann
    $2000 20
Vieques

Triple Stumper
    $1,000 12
(George: Who is Updike?)

John le Carré

George
    $2000 24
Gator

Triple Stumper
    $2000 17
Hoist

Triple Stumper

Scores at the end of the Double Jeopardy! Round:

Mike George Ann
$8,600 $7,800 $2,800

[wagering suggestions for these scores]

Final Jeopardy! Round responses

BY THE NUMBERS
(Alex: We're searching for a number, aren't we?)
(Alex: Mike, the category was BY THE NUMBERS; you realize that now.)
AnnWhat is 98.6?
$2,799
GeorgeWhat is 98.6?
$7,800
MikeWhat is human body temperature?
$7,800
98.6 degrees

Final scores:

Mike George Ann
$800 $15,600 $5,599
3rd place: $1,000 New champion: $15,600 2nd place: $2,000

Game dynamics:

Coryat scores:

Mike George Ann
$8,600 $8,600 $2,400
15 R,
4 W
15 R
(including 1 DD),
7 W
(including 1 DD)
11 R
(including 1 DD),
6 W

Combined Coryat: $19,600

[game clues] [game scores] [suggest correction]

Game tape date: 2002-06-11
The J! Archive is created by fans, for fans. Scraping, republication, monetization, and malicious use prohibited; this site may use cookies and collect identifying information. See terms. The Jeopardy! game show and all elements thereof, including but not limited to copyright and trademark thereto, are the property of Jeopardy Productions, Inc. and are protected under law. This website is not affiliated with, sponsored by, or operated by Jeopardy Productions, Inc. Join the discussion at JBoard.tv.